000 00761nam a2200241Ia 4500
003 OSt
005 20220926005355.0
006 a|||||r|||| 00| 0
007 ta
008 220923b |||||||| |||| 00| 0 eng d
020 _a9788183873833
_c2125
037 _b43, 17/09/2010, Indu Book Services
_cGeneral Book
040 _aRTL
_cRTL
_beng
041 _2eng
_aeng
082 _aX65:515, Q0
100 _aVELMURUGAN P S
_9310134
245 0 _aIndian commodity market
_b (Derivatives and risk management).
260 _a New Delhi
_bSerials publishing
_c2010
300 _axxiv, 777p
_ccm.
650 _aCommerce
942 _hX65:515, Q0
_cGB
_2CC
999 _c613588
_d613588